| 000 | 01414nam0a2200313 4500 | ||
|---|---|---|---|
| 001 | RU\NLR\bibl\833488 | ||
| 005 | 20260405093847.0 | ||
| 010 |
_a5-292-03301-4 _9500 |
||
| 021 |
_aRU _b2005-40030 _91992 |
||
| 035 | _a(NLR Aleph) 000822345 | ||
| 090 |
_a1309134 _c1309134 |
||
| 100 | _a20050823d2004 |||y0rusy50 ca | ||
| 101 | 0 | _arus | |
| 102 | _aRU | ||
| 105 | _ay ||||||||| | ||
| 200 | 1 |
_aИнновационно-инвестиционный механизм управления предприятием в условиях рыночных отношений _fВ.И. Макарова _gпод ред. проф. Т.А. Акимовой |
|
| 210 |
_aСаратов _cИзд-во Саратовского университета _d2004 |
||
| 215 |
_a274, [1] с. _d21 |
||
| 320 | _aБиблиогр. в конце кн. | ||
| 606 | 1 |
_aМашиностроительные заводы _xУправление _91031418 _3RU\NLR\auth\6677932 |
|
| 606 | 1 |
_aМашиностроительная промышленность _xИнновации _92112426 _3RU\NLR\auth\661276531 |
|
| 686 | _aУ30(2)585.1-219.1 | ||
| 686 | _aУ30(2)585.1-55 | ||
| 700 | 1 |
_4070 _7ca _8rus _aМакарова _bВ. И. _cканд. экон. наук _gВалентина Ивановна _917705 _3RU\NLR\auth\7734702 |
|
| 801 | 0 |
_aRU _bNLR _c20050823 _grcr |
|
| 801 | 1 |
_aRU _bNLR _c20050823 |
|
| 942 | _cBOOK | ||
| 980 | _aNB | ||